000 00884cam a2200277 a 4500
999 _c329405
_d329405
001 14750636
003 Nust
005 20171109110455.0
008 070228s2006 pk b 001 0deng
010 _a 2007379689
020 _a9694163803
025 _aP-E-2007379689 ; 15
040 _aDLC
_cDLC
042 _alcode
050 0 0 _aPK2199.I65
_bZ79343 2006
082 _a928.914391
_bIQB
100 1 _aMir, Mustansir,
_d1949-
_924
245 1 0 _aIqbal /
_cMustansir Mir.
250 _a1st ed.
260 _aLahore :
_bIqbal Academy Pakistan,
_c2006.
300 _avi, 157 p. ;
_c22 cm.
504 _aIncludes bibliographical references and index.
600 1 0 _aIqbal, Muhammad,
_cSir,
_d1877-1938.
_920
710 2 _aIqbal Academy (Lahore, Pakistan)
_98
906 _a7
_bcbc
_corigode
_d3
_encip
_f20
_gy-gencatlg
942 _2ddc
_cBK